[Event "Pilsen Open 2025 - B INGEM IM Round Robi"]
[Site "Parkhotel Plzen ****, Plzen"]
[Date "2025.03.20"]
[Round "7.3"]
[White "Michalek, Jan"]
[Black "Nemitz, Alfred"]
[Result "1/2-1/2"]
[WhiteElo "2229"]
[BlackElo "2264"]
[PlyCount "106"]
[EventDate "2025.03.15"]

1. e4 e5 2. Nf3 Nc6 3. Bc4 Nf6 4. d4 exd4 5. O-O Nxe4 6. Re1 d5 7. Bxd5 Qxd5 8.
Nc3 Qh5 9. Nxe4 Be6 10. Nxd4 Qxd1 11. Rxd1 O-O-O 12. Be3 Nxd4 13. Bxd4 f6 14.
Be3 Be7 15. f3 b6 16. Kf2 Bf5 17. c4 Bxe4 18. Rxd8+ Rxd8 19. fxe4 Kb7 20. Ke2
Kc6 21. Rf1 a5 22. Rf5 Bd6 23. h3 Be5 24. b3 a4 25. Rf1 axb3 26. axb3 Ra8 27.
Rd1 Bd6 28. Rd5 Ra2+ 29. Rd2 Ra3 30. Rd3 Ra2+ 31. Rd2 Ra3 32. Rd3 b5 33. cxb5+
Kxb5 34. Kf3 Ra2 35. h4 Rc2 36. g3 Kb4 37. Bd2+ Ka3 38. h5 Kb2 39. b4 Rc4 40.
b5 Rc5 41. h6 gxh6 42. b6 Kc2 43. Ke2 Rc6 44. bxc7 Bxc7 45. Rd7 Bxg3 46. Rxh7
Be5 47. Bxh6 Rc4 48. Kf3 Rc3+ 49. Be3 Bd4 50. Rh2+ Kb3 51. Re2 Kc4 52. Kf4 Be5+
53. Kf5 Kd3 1/2-1/2

[Event "Pilsen Open 2025 - B INGEM IM Round Robi"]
[Site "Parkhotel Plzen ****, Plzen"]
[Date "2025.03.20"]
[Round "7.4"]
[White "Filgueiras, Nathan Felipe"]
[Black "Boehme, Sebastian"]
[Result "1-0"]
[WhiteElo "2325"]
[BlackElo "2271"]
[PlyCount "49"]
[EventDate "2025.03.15"]

1. e4 e6 2. d4 d5 3. e5 c5 4. c3 Nc6 5. Nf3 Bd7 6. Be2 Rc8 7. O-O h6 8. dxc5
Bxc5 9. c4 Nge7 10. Nc3 Ng6 11. cxd5 Ncxe5 12. Nxe5 Nxe5 13. Bf4 Ng6 14. dxe6
Bxe6 15. Bb5+ Ke7 16. Qf3 Nxf4 17. Qxf4 Qd4 18. Qf3 Bd6 19. Rfe1 Rc5 20. Rad1
Qf6 21. Qxb7+ Bc7 22. Rd7+ Kf8 23. Qc8+ Bd8 24. Rxd8+ Ke7 25. Rd7# 1-0

[Event "Pilsen Open 2025 - B INGEM IM Round Robi"]
[Site "Parkhotel Plzen ****, Plzen"]
[Date "2025.03.20"]
[Round "7.5"]
[White "Keyser, Robin"]
[Black "Arias Gaviria, Mario Alexis"]
[Result "1/2-1/2"]
[WhiteElo "2167"]
[BlackElo "2284"]
[PlyCount "28"]
[EventDate "2025.03.15"]

1. d4 Nf6 2. c4 e6 3. Nf3 d5 4. g3 dxc4 5. Bg2 Bd7 6. Ne5 Bc6 7. Nxc6 Nxc6 8.
O-O Rb8 9. e3 Qd7 10. Qe2 b5 11. b3 cxb3 12. axb3 Bb4 13. Bb2 a5 14. Na3 Ne7
1/2-1/2

[Event "Pilsen Open 2025 - B INGEM IM Round Robi"]
[Site "Parkhotel Plzen ****, Plzen"]
[Date "2025.03.21"]
[Round "8.1"]
[White "Plischki, Sebastian"]
[Black "Arias Gaviria, Mario Alexis"]
[Result "0-1"]
[WhiteElo "2311"]
[BlackElo "2284"]
[PlyCount "26"]
[EventDate "2025.03.15"]

1. d4 Nf6 2. c4 e6 3. Nc3 Bb4 4. Qc2 O-O 5. e4 d6 6. e5 dxe5 7. dxe5 Nfd7 8.
Nf3 Nc6 9. Bf4 f6 10. O-O-O Bxc3 11. Qxc3 fxe5 12. Bxe5 Ncxe5 13. Nxe5 Qg5+ 0-1

[Event "Pilsen Open 2025 - B INGEM IM Round Robi"]
[Site "Parkhotel Plzen ****, Plzen"]
[Date "2025.03.21"]
[Round "8.2"]
[White "Boehme, Sebastian"]
[Black "Keyser, Robin"]
[Result "1-0"]
[WhiteElo "2271"]
[BlackElo "2167"]
[PlyCount "67"]
[EventDate "2025.03.15"]

1. e4 c6 2. d4 d5 3. Nc3 dxe4 4. Nxe4 Nf6 5. Nxf6+ exf6 6. c3 Bd6 7. Bd3 O-O 8.
Ne2 Re8 9. Qc2 h5 10. Be3 Nd7 11. O-O-O Nf8 12. Kb1 Be6 13. c4 Rc8 14. a3 Ng6
15. Rhe1 Ne7 16. h3 g6 17. Nc3 f5 18. Qd2 a6 19. Bg5 b5 20. Bf6 Kh7 21. c5 Bc7
22. g4 Qd7 23. gxh5 Ng8 24. hxg6+ fxg6 25. Be5 Bxe5 26. dxe5 a5 27. Qg5 Qf7 28.
h4 b4 29. Na4 Ba2+ 30. Ka1 Bb3 31. h5 Kg7 32. Nb6 bxa3 33. hxg6 Qf8 34. Rh1 1-0

[Event "Pilsen Open 2025 - B INGEM IM Round Robi"]
[Site "Parkhotel Plzen ****, Plzen"]
[Date "2025.03.21"]
[Round "8.3"]
[White "Nemitz, Alfred"]
[Black "Filgueiras, Nathan Felipe"]
[Result "1/2-1/2"]
[WhiteElo "2264"]
[BlackElo "2325"]
[PlyCount "77"]
[EventDate "2025.03.15"]

1. e4 c5 2. d4 cxd4 3. Qxd4 Nc6 4. Qd3 g6 5. Nc3 Bg7 6. Nf3 d6 7. Be2 Nf6 8.
O-O O-O 9. h3 a6 10. Be3 b5 11. Rfd1 Bb7 12. a4 b4 13. Nd5 Nd7 14. c3 bxc3 15.
Nxc3 Nde5 16. Nxe5 Nxe5 17. Qc2 Qc7 18. Rac1 Rfc8 19. Qb3 Qb8 20. f4 Nd7 21.
Bc4 Rf8 22. e5 g5 23. Bxf7+ Kh8 24. exd6 exd6 25. fxg5 Ne5 26. Be6 Qe8 27. Rxd6
Rb8 28. Rb6 Qg6 29. Rxb7 Rxb7 30. Qxb7 Qxe6 31. Qe4 Qc4 32. Qxc4 Nxc4 33. Bc5
Rc8 34. b4 Nb2 35. Kh1 Nd3 36. Rc2 Ne1 37. Rc1 Nd3 38. Rc2 Ne1 39. Rc1 1/2-1/2

[Event "Pilsen Open 2025 - B INGEM IM Round Robi"]
[Site "Parkhotel Plzen ****, Plzen"]
[Date "2025.03.21"]
[Round "8.4"]
[White "Avadhoot, Lokesh Bhakti Brahme"]
[Black "Michalek, Jan"]
[Result "1/2-1/2"]
[WhiteElo "2001"]
[BlackElo "2229"]
[PlyCount "36"]
[EventDate "2025.03.15"]

1. d4 Nf6 2. c4 d6 3. Nc3 e5 4. dxe5 dxe5 5. Qxd8+ Kxd8 6. Bd2 Be6 7. e4 Nbd7
8. O-O-O c6 9. f3 h6 10. g4 Kc8 11. b3 Ba3+ 12. Kc2 Be7 13. Nge2 Ne8 14. Ng3
Bg5 15. h4 Bxd2 16. Rxd2 a5 17. Na4 Kc7 18. Be2 Nef6 1/2-1/2

[Event "Pilsen Open 2025 - B INGEM IM Round Robi"]
[Site "Parkhotel Plzen ****, Plzen"]
[Date "2025.03.21"]
[Round "8.5"]
[White "Shatil, Or"]
[Black "Vaculik, Jakub"]
[Result "1/2-1/2"]
[WhiteElo "2224"]
[BlackElo "2259"]
[PlyCount "27"]
[EventDate "2025.03.15"]

1. e4 e5 2. Nf3 Nf6 3. Nc3 Nc6 4. d4 exd4 5. Nxd4 Bb4 6. Nxc6 bxc6 7. Bd3 d6 8.
O-O h6 9. Bd2 O-O 10. a3 Bc5 11. Na4 Bd4 12. c3 Bb6 13. Nxb6 axb6 14. h3
1/2-1/2

[Event "Pilsen Open 2025 - B INGEM IM Round Robi"]
[Site "Parkhotel Plzen ****, Plzen"]
[Date "2025.03.22"]
[Round "9.1"]
[White "Vaculik, Jakub"]
[Black "Plischki, Sebastian"]
[Result "1/2-1/2"]
[WhiteElo "2259"]
[BlackElo "2311"]
[PlyCount "51"]
[EventDate "2025.03.15"]

1. d4 Nf6 2. c4 e6 3. Nc3 Bb4 4. f3 d5 5. a3 Be7 6. e4 dxe4 7. fxe4 c5 8. d5
exd5 9. exd5 O-O 10. Nf3 Bg4 11. Be2 Re8 12. O-O a6 13. h3 Bh5 14. Bf4 Bd6 15.
Bg5 Nbd7 16. Qd2 Qc7 17. Bd3 b5 18. b3 bxc4 19. bxc4 Qa5 20. Ne4 Qxd2 21. Nexd2
Bg6 22. Bxg6 hxg6 23. Rab1 Rab8 24. Bxf6 gxf6 25. Kf2 f5 26. Rfe1 1/2-1/2

[Event "Pilsen Open 2025 - B INGEM IM Round Robi"]
[Site "Parkhotel Plzen ****, Plzen"]
[Date "2025.03.22"]
[Round "9.2"]
[White "Michalek, Jan"]
[Black "Shatil, Or"]
[Result "1/2-1/2"]
[WhiteElo "2229"]
[BlackElo "2224"]
[PlyCount "52"]
[EventDate "2025.03.15"]

1. e4 c6 2. d4 d5 3. exd5 cxd5 4. c4 Nf6 5. Nc3 Nc6 6. Nf3 Bg4 7. cxd5 Nxd5 8.
Qb3 Bxf3 9. gxf3 e6 10. Qxb7 Nxd4 11. Bb5+ Nxb5 12. Qc6+ Ke7 13. Qxb5 Qd7 14.
Nxd5+ Qxd5 15. Qxd5 exd5 16. Be3 Ke6 17. O-O-O Bb4 18. a3 Rhc8+ 19. Kb1 Bc5 20.
Rd3 Bxe3 21. fxe3 Rab8 22. Rc1 Rxc1+ 23. Kxc1 Rc8+ 24. Kd1 Rc4 25. b3 Rh4 26.
Rd2 Rh3 1/2-1/2

[Event "Pilsen Open 2025 - B INGEM IM Round Robi"]
[Site "Parkhotel Plzen ****, Plzen"]
[Date "2025.03.22"]
[Round "9.3"]
[White "Filgueiras, Nathan Felipe"]
[Black "Avadhoot, Lokesh Bhakti Brahme"]
[Result "1-0"]
[WhiteElo "2325"]
[BlackElo "2001"]
[PlyCount "139"]
[EventDate "2025.03.15"]

1. e4 e5 2. Nf3 Nc6 3. Nc3 Nf6 4. h3 Bb4 5. Nd5 Bc5 6. c3 Nxe4 7. d4 exd4 8.
Bd3 O-O 9. Bxe4 Re8 10. Ng5 f5 11. Qh5 Rxe4+ 12. Nxe4 fxe4 13. Nxc7 Qxc7 14.
Qxc5 Qe5 15. Qxe5 Nxe5 16. cxd4 Nd3+ 17. Ke2 d5 18. b3 Bd7 19. Be3 Rc8 20. Kd2
Rf8 21. f3 Bf5 22. Rhf1 Rc8 23. g4 Bg6 24. f4 Be8 25. f5 Rc6 26. Bg5 Bf7 27.
Be3 Be8 28. Rfb1 a6 29. a3 Rb6 30. Ra2 Ba4 31. Rc2 Bc6 32. Rc3 a5 33. Bg5 a4
34. b4 Bb5 35. Rc8+ Kf7 36. Rc7+ Kg8 37. Rc8+ Kf7 38. Rc7+ Kg8 39. Be3 Bc4 40.
Rc8+ Kf7 41. Rc7+ Kg8 42. Kc3 Bb5 43. Kd2 Bc4 44. h4 Ba2 45. Ra1 Bb3 46. Kc3
Rc6+ 47. Rxc6 bxc6 48. g5 Bc4 49. h5 Ba6 50. h6 Bc8 51. hxg7 Kxg7 52. Rf1 Bd7
53. Bg1 Kf7 54. Bh2 Bc8 55. Be5 Bd7 56. Bc7 Bc8 57. Bd6 Bd7 58. Be5 Bc8 59. g6+
hxg6 60. fxg6+ Kxg6 61. Rf6+ Kg5 62. Rxc6 Bd7 63. Rd6 Bc8 64. Rxd5 Kg4 65. Bg7
Nf4 66. Rc5 Be6 67. b5 Kf3 68. Bh6 Ne2+ 69. Kb4 Nxd4 70. b6 1-0

[Event "Pilsen Open 2025 - B INGEM IM Round Robi"]
[Site "Parkhotel Plzen ****, Plzen"]
[Date "2025.03.22"]
[Round "9.4"]
[White "Keyser, Robin"]
[Black "Nemitz, Alfred"]
[Result "1/2-1/2"]
[WhiteElo "2167"]
[BlackElo "2264"]
[PlyCount "58"]
[EventDate "2025.03.15"]

1. d4 Nf6 2. c4 b6 3. Nf3 Bb7 4. g3 g6 5. Bg2 Bg7 6. Nc3 Ne4 7. Nxe4 Bxe4 8.
O-O O-O 9. h4 Nc6 10. Be3 d5 11. Qa4 Na5 12. cxd5 Qxd5 13. Rac1 c6 14. Ne1 Rfd8
15. Bxe4 Qxe4 16. b4 Nb7 17. Qxc6 Qxc6 18. Rxc6 Bxd4 19. Bxd4 Rxd4 20. Rc7 Nd6
21. Nd3 Kf8 22. Rfc1 a5 23. a3 b5 24. Kf1 Ke8 25. R7c5 a4 26. Ke1 f6 27. Nf4
Rc4 28. R1xc4 Nxc4 29. Nd5 Kd8 1/2-1/2

[Event "Pilsen Open 2025 - B INGEM IM Round Robi"]
[Site "Parkhotel Plzen ****, Plzen"]
[Date "2025.03.22"]
[Round "9.5"]
[White "Arias Gaviria, Mario Alexis"]
[Black "Boehme, Sebastian"]
[Result "1-0"]
[WhiteElo "2284"]
[BlackElo "2271"]
[PlyCount "107"]
[EventDate "2025.03.15"]

1. d4 Nf6 2. c4 g6 3. Nc3 d5 4. Nf3 Bg7 5. Bf4 O-O 6. e3 c5 7. dxc5 Ne4 8. Be5
Bxe5 9. Nxe5 Nxc3 10. bxc3 Qa5 11. Qb3 Be6 12. Rd1 dxc4 13. Bxc4 Bxc4 14. Qxc4
Na6 15. O-O Rac8 16. Nd7 Rfe8 17. Ne5 Rf8 18. Nd7 Rfe8 19. Rd5 Nc7 20. Re5 Qb5
21. Qxb5 Nxb5 22. Rb1 Rcd8 23. Nf6+ exf6 24. Rxe8+ Rxe8 25. Rxb5 Rc8 26. Rxb7
Rxc5 27. Rxa7 Rxc3 28. g4 Rc2 29. Kg2 Kg7 30. Kf3 Rb2 31. h3 Rc2 32. a4 Ra2 33.
a5 Ra4 34. a6 h6 35. Ke2 Ra3 36. Kd2 f5 37. gxf5 gxf5 38. Kc2 f4 39. Kb2 fxe3
40. fxe3 Rxe3 41. Rc7 Re5 42. a7 Ra5 43. Kb3 Kg6 44. Kb4 Ra1 45. Kb5 f6 46. Kb6
f5 47. Rc5 Rxa7 48. Kxa7 Kg5 49. Kb6 Kf4 50. Kb5 h5 51. Kc4 h4 52. Kd4 Kg3 53.
Rc3+ Kf4 54. Ra3 1-0